| 000 | 00929nam a2200265 i 4500 | ||
|---|---|---|---|
| 001 | bg | ||
| 245 | 0 | 0 |
_aRegular Economic Report : _bSpecial Topics : 2006 : EU-8+2 / _c[Thomas Laursen et al. ; The World Bank Warsaw Office]. |
| 246 | 1 | _aEU-8+2 Regular Economic Report Special Topics/2006 | |
| 260 |
_aWarsaw : _bThe World Bank Warsaw Office, _c2007. |
||
| 300 |
_a81 s. : _bil. kolor. ; _c30 cm. |
||
| 500 | _aZawiera raporty z okresu maj 2006 - styczeń 2007. | ||
| 504 | _aBibliogr. przy raportach. | ||
| 650 | 9 |
_aUnia Europejska _xczłonkostwo _xocena |
|
| 650 | 9 |
_aUnia Europejska _xgospodarka |
|
| 700 | 1 | _aLaursen, Thomas. | |
| 710 | 2 |
_aMiędzynarodowy Bank Odbudowy i Rozwoju. _bBiuro Banku Światowego w Polsce. |
|
| 020 | _a9788388911064 | ||
| 040 | _cBPK | ||
| 041 | 0 | _aeng | |
| 044 | _aPOL | ||
| 080 | _a339.73 | ||
| 920 | _a978-83-88911-06-4 | ||
| 942 | _cKS | ||
| 008 | 100830s2007 pl |001 0 eng | ||
| 999 |
_c49646 _d49646 |
||
| 856 |
_uhttp://koha.tu.koszalin.pl/cgi-bin/koha/opac-detail.pl?biblionumber=49646 _yKatalog online BPK |
||